Harry Potter: la Chambre de Ron - Statistiques

Statistiques générales
  • Ce quiz a été pris 71 fois
  • Le résultat moyen est 5 sur 6
Statistiques - réponses
Information Réponses % Correct
Habitant Ron Weasley
100%
Dernière apparition Harry Potter et les Reliques de la Mort
97%
Première apparition Harry Potter et la Chambre des secrets
94%
Localisation 5eme étage du Terrier
87%
Couleur Orange
74%
Décoration Affiches des Canons de Chudley
29%
Aucun quiz correspondant
Distribution des résultats
% des personnes avec chaque résultat
Percentile par nombre de réponses
Votre historique - résultats
Vous n’avez pas pris ce quiz